000 00736nam a2200265Ia 4500
001 Para_3535
003 CHAP
008 220125s1903 xx 000 0 und d
010 _a202059
040 _cCHAP
090 _aPA FOLLETO 1132
100 _aSanderson, E. Dwight
_9102042
245 _aThe codling moth /
_c E. Dwight Sanderson
260 _aNewark, Delaware :
_b Agricultural Experiment Station
300 _a22 p.
440 _aDelaware. Agri. Exp. Sta., Bull.; 59
_9167041
650 _aQ Carpocapsa pomenella
_9167042
901 _aPA FOLLETO 1132
902 _aA
905 _a0000001903 NEW 0000000000 00
910 _a1903
942 _cPARA
942 _cPARA
_d1
999 _c202059
_d202059